| 000 | 00974nam a22001937a 4500 | ||
|---|---|---|---|
| 003 | BR-ViAPE | ||
| 005 | 20260417132948.0 | ||
| 008 | 260417s1938 por gs||||s000 0 por d | ||
| 040 | _cBR-ViAPE | ||
| 110 |
_aEspírito Santo _bEstado |
||
| 245 | _aRelatório apresentado ao Governo do Estado e ao Departamento Nacional de Saúde Pública pelo Dr. Pedro Fontes, chefe do serviço de profilaxia da lepra e doenças venéreas no Estado do Espírito Santo, referente ao ano de 1938 | ||
| 260 |
_aVitória _bTipografia Coelho _c1938 |
||
| 300 |
_a9 p. _bDocumento digitalizado (PDF) |
||
| 500 | _aDocumento digitalizado do acervo institucional do Arquivo Público do Estado do Espírito Santo - APEES. | ||
| 650 |
_xAdministração pública _zEspírito Santo |
||
| 651 |
_xRelatórios governamentais _zEspírito Santo |
||
| 856 |
_uhttps://ape.es.gov.br/Media/ape/PDF/Relatorios/1930/relatorio7%20-%20ano%201938.pdf _yCLIQUE AQUI PARA ACESSAR O DOCUMENTO |
||
| 942 |
_2ddc _cMSGREL _n1 |
||
| 999 |
_c512 _d512 |
||